Estadísticas para Cultura General Geográfica #2

Haz click aquí para intentar la prueba.

Estadísticas generales

  • Esta prueba ha sido intentada 280 veces
  • La puntuación promedio es 9 de 20

Estadísticas de respuestas

PreguntaRespuesta% Correcto
¿Qué ciudad es famosa por sus góndolas?Venecia
94%
¿Cuál es el mayor río del mundo por volumen de agua vertida?Amazonas
90%
¿Cuál es el país más pequeño por superficie y población?Ciudad del Vaticano
80%
¿De qué comunidad autónoma española es capital Barcelona?Cataluña
79%
¿El ave nacional de qué país es el kiwi?Nueva Zelanda
76%
¿Cuál es el país más grande de África por superficie?Argelia
69%
¿Qué país está completamente rodeado por Sudáfrica?Lesoto
67%
¿Qué mar interior salado tiene una elevación negativa de 430,5 metros?Mar Muerto
62%
¿Qué dependencia de la Corona está situada a medio camino entre Irlanda y Gran Bretaña?Isla de {Man}
51%
¿Qué ciudad se conoce en su lengua materna como Wien?Viena
46%
¿Qué parte norte de la isla se conoce como Ulster?Irlanda
33%
¿Qué edificio se utiliza habitualmente para las bodas, coronaciones y entierros de la realeza británica?Abadía de Westminster
31%
¿Qué país se encuentra a sólo 10 kilómetros del territorio francés de
San Pedro y Miquelón?
Canadá
26%
¿Cuál es la ciudad rusa más grande del Océano Pacífico?Vladivostok
25%
¿Cómo se llama la cadena de islas situadas frente al extremo sur de Florida?{Cayos} de la Florida
14%
¿Cuál es la montaña más alta de Estados Unidos?Denali
14%
¿Cuál es la compañía aérea nacional de Australia?Qantas
14%
¿Cuál es la isla más grande de Canadá?Isla de Baffin
13%
¿Qué capital nacional puede traducirse como "Héroe Rojo"?Ulán Bator
10%
¿Qué ciudad fundó Brigham Young en 1847?Salt Lake City
5%

Distribución de puntuación

Porcentaje por número respondido

Porcentaje de gente con cada puntuación

Historial de tus puntuaciones

No has intentado esta prueba.